Szybkie pisanie do 100 w 40 sekund - Statystyki

Ogólne statystyki
  • Ten quiz został rozwiązany 3 398 razy
  • Średni wynik to 56 z 100
Statystyki odpowiedzi
# % Poprawnych
1
100%
2
99%
3
98%
4
98%
5
97%
6
97%
7
97%
8
97%
9
97%
10
95%
11
95%
12
94%
13
94%
14
93%
15
93%
16
92%
17
92%
18
92%
19
92%
20
91%
21
91%
22
90%
23
90%
24
90%
25
89%
26
89%
27
88%
28
88%
29
88%
30
87%
31
86%
32
86%
33
85%
34
84%
35
83%
36
83%
37
81%
38
81%
39
80%
40
78%
41
77%
42
75%
43
74%
44
73%
45
71%
46
69%
47
68%
48
67%
49
66%
50
63%
51
60%
52
59%
53
57%
54
56%
55
54%
56
52%
57
51%
58
49%
59
47%
60
45%
61
42%
62
41%
63
40%
64
39%
65
36%
66
35%
67
33%
68
32%
69
31%
70
28%
71
27%
72
26%
73
25%
74
24%
75
23%
76
22%
77
21%
78
19%
79
18%
80
16%
81
15%
82
14%
83
13%
84
13%
85
12%
86
12%
87
11%
88
10%
89
10%
90
9%
91
8%
92
8%
93
8%
94
7%
95
7%
96
7%
97
7%
98
6%
99
6%
100
5%
Nie znaleziono quizów pasujących do podanych kryteriów
Rozkład punktacji
Procent ludzi z każdym wynikiem
Percentyl według liczby udzielonych odpowiedzi
Twoja historia wyników
Nie rozwiązałeś tego quizu